000 00299nam a22001337a 4500
008 170623b xxu||||| |||| 00| 0 eng d
020 _a0805803122
041 _aeng
080 _a32
100 _a21
101 _aSHP
245 _aPUBLIC RELATIONS RESEARCH ANNUAL
_cGRUNIG, J.E
942 _2udc
_cBK
999 _c18868
_d18868